| 000 | 00937nas a2200277Ia 4500 | ||
|---|---|---|---|
| 001 | R012/42598 | ||
| 003 | IT-RoPAU | ||
| 008 | 151124c99999999xx |||||||||||| ||und|| | ||
| 040 | _aIT-RoPAU | ||
| 040 | _cIT-RoPAU | ||
| 041 | _aITALIANO | ||
| 100 |
_aD'Angelo Filippo _gCodice Aut. SPICS: 7034 |
||
| 210 | _aCINEMA & CINEMA | ||
| 222 | _aCinema & Cinema | ||
| 245 |
_aCINEMA & CINEMA, ANNO 10-N.35/36 (APRILE-SETTEMBRE 1983) _bConversazione Con Rudiger Vogler |
||
| 250 | _a1a ed. | ||
| 260 |
_aVENEZIA _bMARSILIO _c1983 |
||
| 501 |
_bPaulus - SPICS - Società San Paolo EM (non-commercial uses only) _cCopyright2015 |
||
| 300 | _a4 p. [122-125] | ||
| 362 | _aANNO 010, N.35/36 (APRILE-SETTEMBRE 1983) | ||
| 500 | _aIntervista con L'Attore Tedesco Sulla Sua Esperienza Cinematografica. | ||
| 650 |
_aCINEMA _vPUBBLICAZIONE PERIODICA |
||
| 700 | _aQuaresima Leonardo | ||
| 700 | _gCodice Aut. SPICS: 2265 | ||
| 942 | _cCR | ||
| 999 |
_c128214 _d128214 |
||